Estados dos Presidentes do Brasil - Statistics

Estatísticas Gerais
  • Esse quiz foi jogado 185 vezes
  • A pontuação média é 6 de 13
Estatísticas das Respostas
Presidentes Estado natal % Correto
7 São Paulo
98%
5 Rio de Janeiro
97%
10 Minas Gerais
89%
6 Rio Grande do Sul
82%
1 Pernambuco
52%
1 Santa Catarina
38%
2 Alagoas
34%
2 Ceará
31%
1 Mato Grosso
28%
1 Paraíba
22%
1 Maranhão
19%
1 Rio Grande do Norte
11%
1 Mato Grosso do Sul
9%
Nenhum quiz correspondente encontrado
Distribuição das Pontuações
Porcentagem de Pessoas com Cada Pontuação
Percentil de Números Respondidos
Sua Pontuação Histórica
Você não jogou esse quiz